| 000 | 01111cam a2200289 i 4500 | ||
|---|---|---|---|
| 999 |
_c529416 _d529416 |
||
| 001 | 4664437 | ||
| 003 | NUST | ||
| 005 | 20190925161208.0 | ||
| 008 | 801230s1980 dcua b 000 0 eng | ||
| 010 | _a 80052842 | ||
| 020 |
_a0309030269 (pbk.) : _c$8.00 |
||
| 038 | _amsohail | ||
| 040 |
_aDLC _cDLC _dDLC |
||
| 043 | _an-us--- | ||
| 050 | 0 | 0 |
_aHE5623 _b.N288 1980 |
| 082 | 0 | 0 |
_a388.41322 _219 |
| 110 | 2 |
_aNational Research Council (U.S.). _bTransportation Research Board. _919676 |
|
| 245 | 1 | 0 | _aBus route and schedule planning guidelines. |
| 260 |
_aWashington, D.C. : _bTransportation Research Board, National Research Council, _c1980. |
||
| 300 |
_a97 p. : _bill. ; _c28 cm. |
||
| 440 | 0 |
_aSynthesis of highway practice ; _v69 _x0547-5570 _921416 |
|
| 500 | _a"Research sponsored by the American Association of State Highway and Transportation Officials in cooperation with the Federal Highway Administration." | ||
| 504 | _aIncludes bibliographical references. | ||
| 650 | 0 |
_aBus lines _zUnited States _xPlanning. _921417 |
|
| 906 |
_a7 _bcbc _corignew _d2 _eocip _f19 _gy-gencatlg |
||
| 942 |
_2ddc _cBK |
||